Statystyki dla Kłiz o Marvelu - aktorzy i aktorki

Kliknij tutaj aby rozwiązać quiz!

Ogólne statystyki

  • Ten quiz został rozwiązany 33 razy
  • Średni wynik to 7 z 15

Statystyki odpowiedzi

PostaćAktor \ Aktorka% Poprawnych
Kapitan AmerykaChris Evans
94%
Iron manRobert Downey Jr.
94%
Czarna WdowaScarlett Johansson
84%
Zimowy ŻołnierzSebastian Stan
65%
Scarlet WitchElizabeth Olsen
61%
Star lordChris Pratt
55%
HawkeyeJeremy Renner
48%
HulkMark Ruffalo
45%
GamoraZoe Saldana
42%
FalconAnthony Mackie
32%
RocketBradley Cooper
32%
ThanosJosh Brolin
29%
NebulaKaren Gillan
26%
Doktor StrangeBenedict Cumberbath
13%
Spider manTom Holland, Andrew Garfield, Tobey Maguire
3%

Rozkład punktacji

Percentyl według liczby udzielonych odpowiedzi

Procent ludzi z każdym wynikiem

Twoja historia wyników

Nie rozwiązałeś tego quizu